Overwatch Characters by Home - Statistics

General Stats
  • This quiz has been taken 1,848 times
    1,227 since last reset
  • The average score is 19 of 26
Answer Stats
Hero Country % Correct
Tracer United Kingdom
86%
McCree United States of America
86%
Soldier: 76 United States of America
84%
Pharah Egypt
83%
Widowmaker France
83%
Sombra Mexico
82%
Zarya Russia
82%
Reinhardt Germany
81%
Reaper United States of America
81%
Torbjörn Sweden
80%
Junkrat Australia
79%
Mei China
79%
Hanzo Japan
79%
Roadhog Australia
78%
Ana Egypt
77%
D.Va South Korea
77%
Lúcio Brazil
72%
Symmetra India
68%
Mercy Switzerland
66%
Zenyatta Nepal
64%
Doomfist Nigeria
63%
Winston Moon / Watchpoint: Gibraltar
62%
Orisa Numbani
59%
Moira Ireland
58%
Genji Nepal
39%
Bastion ______
21%
No matching quizzes found
Score Distribution
Percent of People with Each Score
Percentile by Number Answered
Your Score History
You have not taken this quiz since the last reset